000 00900nam0a2200265 4500
001 RU\NLR\BIBL_A\011195421
005 20260405104908.0
010 _a5-222-08283-0
_97000
035 _a(NLR Aleph) 011195421
090 _a11889837
_c11889837
100 _a20160815d2006 |||y0rusy50 ca
101 0 _arus
102 _aRU
105 _a z 000yy
200 1 _aЭнциклопедия самых загадочных мест планеты
_fЕвгения Востокова
205 _aИзд. 2-е
210 _aРостов-на-Дону
_cФеникс
_d2006
215 _a252, [1] с.
_cил.
_d21
606 1 _aЗагадочные явления
_92083344
_3RU\NLR\AUTH\661259395
686 1 _aЭ257.2
700 1 _8rus
_7ca
_aВостокова
_bЕ.
_gЕвгения
_3RU\NLR\AUTH\7740270
_923222
942 _cBOOK
980 _aNB